Tilastot visalle Dominikaaninen tasavalta -visa

Klikkaa tästä pelataksesi tätä visaa!

Yleistilastot

  • Tätä visaa on pelattu 40 kertaa
  • Keskiarvotulos 12 / 20

Vastaustilastot

VihjeVastaus% Oikein
Ainoa naapurimaaHaiti
100%
Valtio, johon suurin määrä ihmisiä
on muuttanut Dominikaanisesta tasavallasta
Yhdysvallat
97%
Meri, jonka rannalla se sijaitseeKaribianmeri
97%
Virallinen kieliEspanja
94%
ValuuttaPeso
88%
PääkaupunkiSanto Domingo
88%
Pueblo Viejo on Amerikoiden suurin...{Kulta}kaivos
84%
Suosituin urheilulajiBaseball
78%
Saari, joka sijaitsee noin 120 kilometriä itäänPuerto Rico
72%
Saari, jonka ne jakavatHispaniola
63%
Tärkein viljelykasviSokeriruoko
59%
Toiseksi suurin kaupunkiSantiago
44%
Lähes 1500 vuotta sitten maan asuttanut ihmisryhmäTainot
41%
Kuuluisa muotisuunnittelija, jonka nimikirjaimet ovat ODLROscar de la Renta
41%
Diktaattori, joka hallitsi maata vuosina 1930-1961Rafael Trujillo
38%
Suurin järviEnriquillo
34%
Turistikaupunki saaren itäosassaPunta {Cana}
34%
Nopeatempoinen tanssi- ja musiikkityyli,
joka kehittyi Dominikaanisessa tasavallassa
Merengue
31%
Keittobanaanista muussattu tyypillinen aamiaisruokaMangú
25%
Rehevä laakso ja elintasoltaan korkein alueCibao
22%

Tulosjakauma

Persentiili vastausten määrän mukaan

Jokaisen tuloksen saaneiden osuus

Tuloshistoriasi

Et ole pelannut tätä visaa